书目信息 |
| 题名: |
商鞅
|
|
| 作者: | 申屠炉明 著 | |
| 分册: | ||
| 出版信息: | 西安 陕西师范大学出版总社 2017 |
|
| 页数: | 154页 | |
| 开本: | 24cm | |
| 丛书名: | “大家精要”丛书 | |
| 单 册: | ||
| 中图分类: | B226.25 | |
| 科图分类: | ||
| 主题词: | ||
| 电子资源: | ||
| ISBN: | 978-7-5613-9293-5 | |
| 000 | 00814oam2 2200253 450 | |
| 001 | 3546 | |
| 005 | 20180527164715.93 | |
| 010 | @a978-7-5613-9293-5@dCNY20.00 | |
| 100 | @a20180217d2017 em y0chiy50 ea | |
| 101 | 0 | @achi |
| 102 | @aCN@b610000 | |
| 105 | @ay z 000yd | |
| 200 | 1 | @a商鞅@9shang yang@f申屠炉明著 |
| 210 | @a西安@c陕西师范大学出版总社@d2017 | |
| 215 | @a154页@d24cm | |
| 225 | 1 | @a“大家精要”丛书@i中国人物@i先秦 |
| 330 | @a本书介绍了战国时期著名政治家、改革家、思想家商鞅的生平、所处时代、变法、商鞅与其后学派的著作。 | |
| 461 | 0 | @12001 @a“大家精要”丛书 |
| 462 | 0 | @12001 @a中国人物@a先秦 |
| 600 | 0 | @a商鞅@f(约前390-前338)@x人物研究 |
| 690 | @aB226.25@v5 | |
| 701 | 0 | @a申屠炉明@9shen tu lu ming@f(1963.9~)@4著 |
| 801 | 0 | @aCN@b91MARC@c20180217 |
| 905 | @aMuseLib@dB226.25@e749 | |
| 商鞅/申屠炉明著.-西安:陕西师范大学出版总社,2017 |
| 154页;24cm.-(“大家精要”丛书.中国人物.先秦) |
| ISBN 978-7-5613-9293-5:CNY20.00 |
| 本书介绍了战国时期著名政治家、改革家、思想家商鞅的生平、所处时代、变法、商鞅与其后学派的著作。 |
| ● |
| 相关链接 |
|
|
|
|
正题名:商鞅
索取号:B226.25/749
 
预约/预借
| 序号 | 登录号 | 条形码 | 馆藏地/架位号 | 状态 | 备注 |
| 1 | 1109632 | 211096320 | 第一样本阅览室/ [索取号:B226.25/749] | 在馆 | |
| 2 | 1109633 | 211096339 | 教育系资料室/ [索取号:B226.25/749] | 在馆 | |
| 3 | 1109634 | 211096348 | 教育系资料室/ [索取号:B226.25/749] | 在馆 | |
| 4 | 1109635 | 211096357 | 第一借阅区/ [索取号:B226.25/749] | 在馆 |